000 00695nas a2200241 i 4500
001 1027
003 ES-MaACL
005 20250718150756.0
007 t|
008 950801c1898 it | | 1 ||ta d
080 _a45
245 0 3 _aLa Domenica del Corriere ...
260 _aMilano :
_bTip. del Corriere della sera,
_c1898-
300 _a53 v. :
_bgrab ;
_c28 cm.
310 _aSemanal
362 0 _aAño I (1899)-
650 1 4 _aPeriódicos
_915941
700 1 _aCentelli, A,
_9226348
852 _aES-MaACL
_jHem-42
866 0 _o1901-10,1912-20,(1963f.n.31))1964(1965f.n.8)1966,(1975),(1979)(1980f.n.10y36-45)1981-82,(1984).
942 _2udc
_cPERIODICO
999 _c1027
_d1027